000 00550nam a2200193Ia 4500
003 GCL
008 140319s9999 xx 000 0 ara d
040 _aGCL /
_cGCL
082 0 4 _aط
_b813.03
_bس ح
100 1 _aسمير عبدالباقى
245 1 0 _aحكايات الشطار /
_cسمير عبدالباقى
300 _a64 ص
490 _aالهيئة العامة للاستعلامات
_v0
650 0 4 _aالاطفال
650 0 4 _aقصص الاطفال
650 0 4 _aالحكايات
650 0 4 _aالصياد
942 _2ddc
_cBK
999 _c51499
_d51499